000 00663nam a2200181 a 4500
001 000846605
003 AM-YEHGA
005 20250915103529.0
008 111116s1973 le r 000 0 arm d
040 _aAM-YEHGA
041 0 _aarm
100 1 _aՔարտաշ, Խ. Բ
245 1 0 _aՆոր հանելուկներ ու կռահուկներ :
_b(Արևմտահայ գրական լեզուով)։ 666 հատ /
_cԽ. Բ. Քարտաշ (Վէմեան).
260 _aՊէյրութ :
_bտպ. Սեւան,
_c1973.
300 _a83 էջ ;
_c19 սմ.
650 1 7 _aՀայ գրականություն
_xԹարգմանություններ ռուսերեն
942 _2udc
_cBK
999 _c534614
_d534614